Biologie - neurobiologie (niv M1) - Statistiques

Statistiques générales
  • Ce quiz a été pris 94 fois
  • Le résultat moyen est 6 sur 15
Statistiques - réponses
Question Réponse % Correct
Quel canal ionique est responsable de la phase de repolarisation du potentiel d’action Canal potassium VD
58%
Lors de la neurogénèse adulte, des nouveaux neurones sont synthétisés dans des airs spécifiques du cerveaux qui sont : Le gyrus dentelé de l’hippocampe et la zone sous ventriculaire des ventricules latéraux
58%
Quelle est la conséquence de la perte des oligendrocytes dans le système nerveux centra? Demyélinisation des axones
53%
Quelle est la fonction principale de la microglie activée dans les conditions pathologiques? Libérer des cytokines pro inflammatoires
47%
Dans quelle région cérébrale trouve-t-on des cellules de Purkinje? Cervelet
40%
Quelle structure cérébrale est essentielle pour la coordination des mouvements volontaires Cervelet
40%
Quelle protéine est impliquée dans le transport antérograde des organites dans l’axone? Kinésine
38%
Quelle protéine est principalement impliquée dans la stabilisation des microtubules dans l’axone? Tau
38%
Quelle mutation génétique est associée à la maladie de Huntington? Une expansion des répétions CAG dans le gène HTT
38%
Quelle est la région cérébrale qui est impliqué dans le circuit de la récompense et qui peut être fortement affectée par des drogues ? Noyau accumbens
33%
Quel est le principale mécanisme d’élimination du glutamate dans la fente synaptique? recpature par les astrocytes via les transporteurs EAAT
31%
Quelle est la principale fonction de la protéine Caspr au niveau de l’axone ? organisation des domaines nodaux de Ranvier
29%
Quelle est la fonction principale des interneurones à somatisations dans le cortex cérébral? réguler l’excitabilité des cellules pyramidales avec l’inhibition des dendrites
27%
Quel gène est muté dans la sclérose latérale amyotrophique familiale liée à l’accumulation de protéine toxique ? SOD1
25%
Quelle est la fonction principalement des interneurones inhibiteurs Parvalbumine-positifs? Synchroniser les oscillations gamma
15%
Aucun quiz correspondant
Distribution des résultats
% des personnes avec chaque résultat
Percentile par nombre de réponses
Votre historique - résultats
Vous n’avez pas pris ce quiz